000 00338nam a2200157Ia 4500
003 OSt
005 20240306112055.0
008 170523s9999 xx 000 0 und d
020 _a978-0073037141
040 _ciimtu meerut
100 _aTHOMPSON
245 0 _aSTRATIGIC MANAGEMENT
260 _bTMH
260 _c2003
942 _2ddc
_c02
999 _c1013
_d1013